Normal view
MARC view
- Cities and towns, Ancient
Entry Topical Term
001 - CONTROL NUMBER
- control field: 6652
003 - CONTROL NUMBER IDENTIFIER
- control field: NUST
005 - DATE AND TIME OF LATEST TRANSACTION
- control field: 20171122120424.0
008 - FIXED-LENGTH DATA ELEMENTS
- fixed length control field: 171122|| aca||aabn | a|a d
040 ## - CATALOGING SOURCE
- Original cataloging agency: NUST
- Transcribing agency: NUST
150 ## - HEADING--TOPICAL TERM
- Topical term or geographic name entry element: Cities and towns, Ancient
- Geographic subdivision: Pakistan.
670 ## - SOURCE DATA FOUND
- Source citation: Work cat.: (NUST)0: Kenoyer, Jonathan M. 6650, Ancient cities of the Indus valley civilization /, 1998.
